La Temptació d'Amèrica : ciutat i arquitectura a Europa 1893-1960 / Jean-Louis Cohen ; pròleg d'Hubert Damisch ciutat i arquitectura a Europa 1893-1960 / Jean-Louis Cohen ; pròleg d'Hubert Damisch
MARC
| LEADER | 00000nam a2200000Ia 4500 | ||
|---|---|---|---|
| 001 | 17826 | ||
| 008 | 160829s1996 xx 000 0 cat d | ||
| 020 | |a 84-88811-11-X | ||
| 080 | |a B-2-106 | ||
| 245 | |a La Temptació d'Amèrica : |b ciutat i arquitectura a Europa 1893-1960 / Jean-Louis Cohen ; pròleg d'Hubert Damisch | ||
| 260 | |a Barcelona : |b Centre de Cultura Contemporància de Barcelona : |b Diputació de Barcelona. Institut d'Edicions, |c 1996 | ||
| 300 | |a 223 p. : |b il. col. ; |c 28 cm | ||
| 590 | |a Exposició organitzada pel Centre Canadien d'Archietcture/Canadian Centre for Architecture (CCA) de Mont-real i presentada el 14 de juny i el 24 de setembre del 1995. I al City Art Centre d'Edimburg entre el 3 de novembre i el 6 de gener del 1996. Al CCCB es va presentar d'entre el 19 de febrer al 5 de maig. | ||
| 590 | |a Bibliografia | ||
| 650 | |a Arquitectura |x Amèrica |9 26970 | ||
| 650 | |a Arquitectura |x Europa |9 26971 | ||
| 650 | |a Urbanisme |x Amèrica I |9 26972 | ||
| 650 | 0 | |a Urbanisme |z Europa |9 18276 | |
| 650 | |a Arquitectura moderna |x S. XX |x Amèrica |9 26974 | ||
| 650 | |a Arquitectura moderna |x S. XX |x Europa |9 26975 | ||
| 700 | |a Cohen, Jean-Louis |9 26976 | ||
| 700 | |a Damisch, Hubert, pr. |9 26977 | ||
| 710 | 2 | |a Centre de Cultura Contemporània de Barcelona |9 52510 | |
| 710 | |a Barcelona (Catalunya : Província). |b Institut d'Edicions |9 53854 | ||
| 901 | |a Arxiu | ||
| 942 | |n 1 | ||
| 952 | |0 0 |1 0 |4 0 |6 B2106 |7 1 |9 44224 |a Arxiu |b Arxiu |d 2016-12-01 |l 0 |o B-2-106 |p 17826 |r 2016-12-01 00:00:00 |w 2016-12-01 |y ARXIU | ||
| 999 | |c 46804 |d 46804 | ||